| Tag |
First Indicator |
Second Indicator |
Subfields |
| LEADER |
00000cam a2200000 a 4500 |
| 001 |
in00000547021 |
| 005 |
20151014052210.0 |
| 008 |
800916s1979 xx a b 10000 eng d |
| 035 |
|
|
|a (OCoLC)06717756
|
| 035 |
|
|
|9 ACJ7958AM
|
| 040 |
|
|
|a AGL
|c AGL
|d TXA
|d UtOrBLW
|
| 049 |
|
|
|a TXAM
|c [A08324308]
|
| 072 |
|
0 |
|a F400
|
| 090 |
|
|
|a QK725
|b .P5 1979
|
| 245 |
0 |
0 |
|a Plant tissue culture :
|b proceedings of a symposium held at the Downtown Travelodge, New Orleans, Louisiana, February 6, 1979 /
|c sponsored by The Southern Section of the American Society of Plant Physiologists ; edited by John T. Barber.
|
| 264 |
|
1 |
|a [Place of publication not identified] :
|b Southern Section of the American Society of Plant Physiologists,
|c [1979?]
|
| 300 |
|
|
|a 78 pages :
|b illustrations ;
|c 28 cm.
|
| 336 |
|
|
|a text
|b txt
|2 rdacontent
|
| 337 |
|
|
|a unmediated
|b n
|2 rdamedia
|
| 338 |
|
|
|a volume
|b nc
|2 rdacarrier
|
| 504 |
|
|
|a Includes bibliographies.
|
| 650 |
|
0 |
|a Plant tissue culture
|v Congresses.
|
| 700 |
1 |
|
|a Barber, John T.
|
| 710 |
2 |
|
|a American Society of Plant Physiologists.
|b Southern Section.
|
| 999 |
|
|
|a MARS
|
| 999 |
f |
f |
|s d9940589-494b-3719-8ba0-2cef0131d541
|i fcda6c13-bb91-35b5-867e-0d15a9602197
|t 0
|
| 952 |
f |
f |
|p ric
|a Texas A&M University
|b Rellis Campus
|c Joint Library Facility
|d Remote Storage
|t 0
|e QK725 .P5 1979
|h Library of Congress classification
|i unmediated -- volume
|m A14808324308
|
| 998 |
f |
f |
|a QK725 .P5 1979
|t 0
|l Remote Storage
|